000 00859nam a22002657a 4500
001 BR8305369
003 BR-BrBNA
005 20230928091802.0
007 ta
008 230509b bl.||||| |||| 00| 0 por d
040 _aBR-BrBNA
_bpor
_cBiblioteca Nacional de Agricultura
041 _a(Por)
072 _aF00
_b/G514
090 _ F00 BR8305369
110 1 _aFundacao Estadual de Planejamento Agricola do Rio Grande do Norte, Natal (Brasil)
_94891
245 1 _aSeries historicas comparadas de producao agricola Brasil Nordeste, Rio Grande do Norte 1947-1982 volume 2 [producao vegetal, estatistica]
260 3 _aNatal, RN (Brasil):
_c1983.
300 _a124 p.
500 _a16 ref.; Numerical data
650 _aPRODUCAO VEGETAL
650 _aESTATISTICA
650 _aREGIAO NORDESTE
909 _a202309
_bLucia
_c55
_dLucia Elande
942 _cBK
999 _c35527
_d35527